New Earth Awakening To Your Lifes Purpose (Record no. 313461)

MARC details
000 -LEADER
fixed length control field 00398nam a2200157Ia 4500
008 - FIXED-LENGTH DATA ELEMENTS--GENERAL INFORMATION
fixed length control field 230718s9999 xx 000 0 und d
041 ## - LANGUAGE CODE
Language code of text/sound track or separate title eng
082 ## - DEWEY DECIMAL CLASSIFICATION NUMBER
Classification number 204.4
Item number TOL
100 ## - MAIN ENTRY--PERSONAL NAME
Personal name Tolle E.
9 (RLIN) 117871
245 ## - TITLE STATEMENT
Title New Earth Awakening To Your Lifes Purpose
260 ## - PUBLICATION, DISTRIBUTION, ETC. (IMPRINT)
Date of publication, distribution, etc. 2005
Name of publisher, distributor, etc. Pengain
300 ## - PHYSICAL DESCRIPTION
Extent 309
365 ## - TRADE PRICE
Currency code Rs.
Price amount 287.00
700 ## - ADDED ENTRY--PERSONAL NAME
Personal name Tolle E.
9 (RLIN) 117871
906 ## - LOCAL DATA ELEMENT F, LDF (RLIN)
d 198/20.4.06
c OTH
b 57.4
Holdings
Withdrawn status Lost status Damaged status Not for loan Home library Current library Date acquired Vendor Budget Code Cost, normal purchase price Bill number Total Checkouts Full call number Barcode Date last seen Date last checked out Discount Cost, replacement price Bill Date Koha item type Original Barcode
        Cummins College of Engineering for Women Pune Cummins College of Engineering for Women Pune 27/04/2006 Technical Book Services OTH 229.60 198/20.4.06 3 204.4 CCEP-BK-24668 14/05/2025 23/04/2025 57.4 287.00 20/04/2006 Books 024668